Administración tributaria / (Registro nro. 13601)

Detalles MARC
000 -LEADER
fixed length control field 00750nam a2200253 a 4500
001 - CONTROL NUMBER
control field
003 - CONTROL NUMBER IDENTIFIER
control field DO-SdBNP
005 - DATE AND TIME OF LATEST TRANSACTION
control field 20210722134907.0
008 - FIXED-LENGTH DATA ELEMENTS--GENERAL INFORMATION
fixed length control field 100310s1978 dr 000 0 spa d
040 ## - CATALOGING SOURCE
Original cataloging agency BPMSU
Language of cataloging spa
Transcribing agency BPMSU
082 ## - DEWEY DECIMAL CLASSIFICATION NUMBER
Classification number 336.2
Item number B142a, 1978
Edition number 22
100 1# - MAIN ENTRY--PERSONAL NAME
Personal name Báez Ortíz, Bolivar
245 10 - TITLE STATEMENT
Title Administración tributaria /
Statement of responsibility, etc. Bolivar Báez Ortíz.
250 ## - EDITION STATEMENT
Edition statement 2da. ed.
260 ## - PUBLICATION, DISTRIBUTION, ETC. (IMPRINT)
Place of publication, distribution, etc. Santo Domingo :
Name of publisher, distributor, etc. [s.n.],
Date of publication, distribution, etc. 1978.
300 ## - PHYSICAL DESCRIPTION
Extent 149 p. ;
Dimensions 22 cm.
504 ## - BIBLIOGRAPHY, ETC. NOTE
Bibliography, etc Bibliografía : p.150-158
590 ## - LOCAL NOTE (RLIN)
Local note Inventariado,2021/VM
650 ## - SUBJECT ADDED ENTRY--TOPICAL TERM
Topical term or geographic name as entry element Hacienda pública
General subdivision Administración
650 ## - SUBJECT ADDED ENTRY--TOPICAL TERM
Topical term or geographic name as entry element Recaudación de impuestos
650 #4 - SUBJECT ADDED ENTRY--TOPICAL TERM
Topical term or geographic name as entry element Impuestos
General subdivision Administración
Geographic subdivision República Dominicana
910 ## - USER-OPTION DATA (OCLC)
User-option data Vmateo V.
942 ## - ADDED ENTRY ELEMENTS (KOHA)
Source of classification or shelving scheme Dewey Decimal Classification
Koha item type Libros
Existencias
Withdrawn status Lost status Source of classification or shelving scheme Damaged status Not for loan Collection code Home library Current library Date acquired Source of acquisition Total Checkouts Full call number Barcode Date last seen Price effective from Koha item type
    Dewey Decimal Classification     Colección Dominicana Biblioteca Pública Metropolitana Salomé Ureña Biblioteca Pública Metropolitana Salomé Ureña 07/22/2021 Manuel Ortiz   BPMSU CD 336.2 B142a, 1978 BPMSU21070042 07/22/2021 07/22/2021 Libros